Films / séries avec Audrey Fleurot - Statistiques

Statistiques générales
  • Ce quiz a été pris 46 fois
  • Le résultat moyen est 6 sur 17
Answers on the Grid
Answers color-coded by a green-red scale on the quiz's grid according to % correct below.
Belle comme la femme d'un autre
Titanic
Engrenages
La La Land
Intouchables
Breaking Bad
Mais qui a re-tué Pamela Rose
Lupin
La Comtesse de Monte-Cristo
La Vie en miettes
Haters
Le prénom
Ils s'aiment... enfin presque !
Les Bronzés
Peur sur la base
Transformers : le commencement
Rien à déclarer
Kaamelott
Dune
Divorce Club
Regarde
La Délicatesse
Safe
Babysitting
HPI
Le Fabuleux Destin d'Amélie Poulain
Les combattantes
OSS 117 : Rio ne répond plus
Mensonges
Supercondriaque
 
Statistiques - réponses
Réponse % Correct
HPI
80%
Intouchables
70%
Les combattantes
53%
Kaamelott
50%
Engrenages
47%
Belle comme la femme d'un autre
43%
Divorce Club
43%
La Comtesse de Monte-Cristo
33%
Mais qui a re-tué Pamela Rose
33%
Mensonges
33%
Regarde
33%
La Vie en miettes
30%
Peur sur la base
27%
Ils s'aiment... enfin presque !
23%
Haters
17%
Safe
10%
Transformers : le commencement
10%
Aucun quiz correspondant
Distribution des résultats
% des personnes avec chaque résultat
Percentile par nombre de réponses
Votre historique - résultats
Vous n’avez pas pris ce quiz